History Quiz

Random History Quiz

Causes of American Revolution Quiz Stats

 Plays Quiz not verified by Sporcle

Score 0/25 Timer 10:00
0 Plays Today
Statement Cause % Correct
All legal documents had to be printed on special paperStamp Act
86.5%
Caused the Intolerable Acts to be passedBoston Tea Party
83.5%
Event that had an African-American martyrBoston Massacre
75.2%
Where was 'The Shot Heard Round the World' firedLexington
72.9%
Samuel Adams led this groupSons of Liberty
63.9%
This Act forced colonists to house British soldiers in their homesQuartering Act
62.4%
Where the British marched to capture Samuel Adams and John HancockConcord
58.6%
Economic theory that proposed the acquisition of coloniesMercantilism
47.4%
Rallying cry of the colonists against British economical oppressionNo taxation without representation
47.4%
This Act placed a tax on household items such as lead, paper, and glassTownshend Acts
42.9%
In protest of the Stamp Act, many colonists burned tax collector in ______Effigy
37.6%
The Tea Act granted a monopoly to this companyBritish East India Company
33.8%
These laws stated that colonial goods should only be transported on British shipsNavigation Acts
32.3%
Statement Cause % Correct
Was developed after the costs of Pontiac's RebellionProclamation of 1763
29.3%
After repealing the Stamp Act, the British issued Declaratory Act
27.8%
Finish the following quote: 'The _______ are coming.'Regulars
27.1%
Expanded the Boundaries of a Canadian CountryQuebec Act
27.1%
Finish the following quote: 'If this be __________ let's make the most of it.'Treason
24.8%
Documents that allowed the British to search a house if illegal goods were suspected of being theirWrits of Assistance
24.1%
Closed the Port of BostonBoston Port Act
18.8%
Prime Minister of Great Britain who levied taxes on coloniesGeorge Grenville
18%
The Declaration and Resolves were developed by _______The First Continental Congress
17.3%
The British policy of relaxing some of their control over the coloniesSalutary Neglect
12%
Increased communication between the colonies through letter writingCommittees of Correspondence
9%
Under mercantilism when you export more than you importFavorable Balance of Trade
8.3%

You're not logged in!

Compare scores with friends on all Sporcle quizzes.
OR
Log In

Sporcle TV

Today on Sporcle TV


Watch our educational content, quiz creation guides, and fun videos on Sporcle TV.

Show Comments

Extras

Top Quizzes Today


Score Distribution

Your Account Isn't Verified!

In order to create a playlist on Sporcle, you need to verify the email address you used during registration. Go to your Sporcle Settings to finish the process.

Report this User

Report this user for behavior that violates our Community Guidelines.

Details: